[Event "ROM-ch Rapid (Women)"]
[Site "Bucharest"]
[Date "2022.03.12"]
[Round "9"]
[White "Paraschiv, Petronela Alexandra"]
[Black "Rendi, Eva"]
[Result "1-0"]
[WhiteElo "1857"]
[BlackElo "2006"]
[PlyCount "36"]
[EventDate "2022.03.11"]
[EventType "swiss (rapid)"]
[EventRounds "9"]
[EventCountry "ROU"]
[SourceTitle "CBM 207 Extra"]
[Source "ChessBase"]
[SourceDate "2022.05.31"]
[SourceVersion "1"]
[SourceVersionDate "2022.05.31"]
[SourceQuality "1"]

1. d4 e6 2. c4 c5 3. d5 exd5 4. cxd5 d6 5. Nc3 Ne7 6. e4 Ng6 7. Nf3 Bg4 8. Be2 Be7 9. 0-0 Bf6 10. Nd2 Bxe2 11. Qxe2 0-0 12. Nc4 Ne5 13. Bf4 Nxc4 14. Qxc4 a6 15. a4 Qe7 16. a5 Nd7 17. Rfe1 Ne5 18. Qe2 Rac8 1-0

[Event "ROM-ch Rapid (Women)"]
[Site "Bucharest"]
[Date "2022.03.12"]
[Round "3"]
[White "Rendi, Eva"]
[Black "Bucur, Denisa Andreea"]
[Result "1-0"]
[WhiteElo "2006"]
[BlackElo "2023"]
[PlyCount "63"]
[EventDate "2022.03.11"]
[EventType "swiss (rapid)"]
[EventRounds "9"]
[EventCountry "ROU"]
[SourceTitle "CBM 207 Extra"]
[Source "ChessBase"]
[SourceDate "2022.05.31"]
[SourceVersion "1"]
[SourceVersionDate "2022.05.31"]
[SourceQuality "1"]

1. e4 e6 2. Qe2 c5 3. Nc3 Nc6 4. Nf3 d6 5. g3 a6 6. Bg2 g6 7. d3 Bg7 8. Bg5 Qc7 9. 0-0 Nge7 10. Qd2 b5 11. Bh6 0-0 12. Nh4 b4 13. Bxg7 Kxg7 14. Ne2 e5 15. f4 f6 16. f5 Bb7 17. g4 Nd4 18. Ng3 g5 19. c3 bxc3 20. bxc3 Nb5 21. Nf3 h6 22. a4 Na7 23. h4 Kf7 24. Nh5 Nac6 25. Qa2+ d5 26. exd5 Nb4 27. cxb4 Bxd5 28. Qd2 Rg8 29. hxg5 hxg5 30. Rac1 Qb7 31. bxc5 Nc6 32. Nxg5+ 1-0

[Event "ROM-ch Rapid (Women)"]
[Site "Bucharest"]
[Date "2022.03.12"]
[Round "7"]
[White "Rendi, Eva"]
[Black "Maria, Lia Alexandra"]
[Result "1/2-1/2"]
[WhiteElo "2006"]
[BlackElo "1832"]
[PlyCount "95"]
[EventDate "2022.03.11"]
[EventType "swiss (rapid)"]
[EventRounds "9"]
[EventCountry "ROU"]
[SourceTitle "CBM 207 Extra"]
[Source "ChessBase"]
[SourceDate "2022.05.31"]
[SourceVersion "1"]
[SourceVersionDate "2022.05.31"]
[SourceQuality "1"]

1. d4 Nf6 2. Bf4 d5 3. e3 e6 4. Qf3 Bd6 5. Nc3 a6 6. 0-0-0 b5 7. g4 b4 8. Nce2 0-0 9. h4 c5 10. Bxd6 Qxd6 11. g5 Ne4 12. Qg2 Qb6 13. f3 Nd6 14. Nf4 c4 15. c3 Qa5 16. Qc2 Qxa2 17. Kd2 bxc3+ 18. bxc3 Qxc2+ 19. Kxc2 Bd7 20. Ra1 a5 21. Kd2 a4 22. Bg2 Nc6 23. Nge2 Na5 24. Rhb1 Nb5 25. Ke1 Nb3 26. Ra2 Rfb8 27. Kf2 Nd6 28. e4 Bc6 29. e5 Nc8 30. Bh3 Rb6 31. h5 g6 32. hxg6 hxg6 33. Ng2 Rab8 34. Ne3 Na5 35. Rba1 Rb2 36. Nc2 Rxa2 37. Rxa2 Nb3 38. Nb4 Be8 39. Ke3 Na7 40. Nf4 Nc6 41. Na6 Ra8 42. Nc7 Rc8 43. Nxe8 Rxe8 44. Rxa4 Nca5 45. Rb4 Ra8 46. Rb6 Kf8 47. Ng2 Ke7 48. Kf4 1/2-1/2

[Event "ROM-chT (Women)"]
[Site "Mamaia"]
[Date "2019.09.28"]
[Round "6.1"]
[White "Rendi, Eva"]
[Black "Didiliuc, Dariana Gabriela"]
[Result "1-0"]
[WhiteElo "2018"]
[BlackElo "1798"]
[PlyCount "57"]
[EventDate "2019.09.21"]
[EventType "team-tourn"]
[EventRounds "7"]
[EventCountry "ROU"]
[SourceTitle "EXT 2020"]
[Source "ChessBase"]
[SourceDate "2019.10.17"]
[SourceVersion "1"]
[SourceVersionDate "2019.10.17"]
[SourceQuality "1"]

1. e4 e6 2. d4 d5 3. Nc3 Nf6 4. e5 Nfd7 5. h4 Be7 6. Qg4 Kf8 7. Rh3 h5 8. Qf4 a6 9. g4 hxg4 10. Qxg4 Rxh4 11. Rxh4 Bxh4 12. Nf3 Be7 13. Qh5 Ke8 14. Ng5 g6 15. Qh6 Nf8 16. Bd3 c5 17. dxc5 Bxc5 18. Qg7 Qe7 19. Bf4 Nc6 20. 0-0-0 Nd8 21. Be2 b5 22. Qg8 f6 23. Nge4 fxe5 24. Bxe5 Nb7 25. Nf6+ Kd8 26. Nce4 Bd6 27. Nxd5 Qh7 28. Qxh7 Nxh7 29. Nb6 1-0

[Event "ROM-chT (Women)"]
[Site "Mamaia"]
[Date "2019.09.25"]
[Round "3.1"]
[White "Covrig, Larisa Raluca"]
[Black "Rendi, Eva"]
[Result "0-1"]
[WhiteElo "1770"]
[BlackElo "2018"]
[PlyCount "74"]
[EventDate "2019.09.21"]
[EventType "team-tourn"]
[EventRounds "7"]
[EventCountry "ROU"]
[SourceTitle "EXT 2020"]
[Source "ChessBase"]
[SourceDate "2019.10.17"]
[SourceVersion "1"]
[SourceVersionDate "2019.10.17"]
[SourceQuality "1"]

1. d4 Nf6 2. Nc3 d5 3. Bf4 e6 4. e3 Bb4 5. Bd3 c5 6. Bb5+ Bd7 7. Bxd7+ Nbxd7 8. Nge2 0-0 9. 0-0 a6 10. a3 Bxc3 11. Nxc3 Rc8 12. Ne2 Re8 13. c3 h6 14. h3 e5 15. dxe5 Nxe5 16. Bxe5 Rxe5 17. Ng3 Rg5 18. Kh2 Qe7 19. Qf3 h5 20. Qf4 Re5 21. Rad1 Qe6 22. Qa4 b5 23. Qb3 h4 24. Ne2 g5 25. Qc2 Ne4 26. f4 Rf5 27. fxg5 Rxf1 28. Rxf1 Qe5+ 29. Rf4 Rc6 30. Kh1 Rg6 31. Rxh4 Qxg5 32. Rg4 Nf2+ 33. Kg1 Nxg4 34. hxg4 Qxe3+ 35. Kf1 Rf6+ 36. Ke1 Qf2+ 37. Kd1 Qxg2 0-1

[Event "ROM-chT (Women)"]
[Site "Sovata"]
[Date "2018.11.29"]
[Round "5.2"]
[White "Javakhishvili, Lela"]
[Black "Rendi, Eva"]
[Result "1-0"]
[WhiteElo "2477"]
[BlackElo "2015"]
[PlyCount "29"]
[EventDate "2018.11.25"]
[EventType "team-tourn"]
[EventRounds "7"]
[EventCountry "ROU"]
[SourceTitle "CBM 187 Extra"]
[Source "ChessBase"]
[SourceDate "2018.11.04"]
[SourceVersion "1"]
[SourceVersionDate "2018.11.04"]
[SourceQuality "1"]
[WhiteTeam "Iasi Politehnica (W)"]
[BlackTeam "Sanandrei (W)"]
[WhiteTeamCountry "ROU"]
[BlackTeamCountry "ROU"]

1. d4 Nf6 2. c4 e6 3. Nf3 Bb4+ 4. Bd2 Qe7 5. Nc3 b6 6. g3 Bb7 7. Bg2 d6 8. Qa4+ Nc6 9. Ne5 0-0 10. Nxc6 Bxc6 11. Bxc6 Bxc3 12. Bxc3 Rad8 13. Qxa7 e5 14. dxe5 dxe5 15. Qa4 1-0

[Event "ROM-chT (Women)"]
[Site "Sovata"]
[Date "2018.11.28"]
[Round "4.4"]
[White "Rendi, Eva"]
[Black "Paehtz, Elisabeth"]
[Result "1/2-1/2"]
[WhiteElo "2015"]
[BlackElo "2495"]
[PlyCount "40"]
[EventDate "2018.11.25"]
[EventType "team-tourn"]
[EventRounds "7"]
[EventCountry "ROU"]
[SourceTitle "CBM 187 Extra"]
[Source "ChessBase"]
[SourceDate "2018.11.04"]
[SourceVersion "1"]
[SourceVersionDate "2018.11.04"]
[SourceQuality "1"]
[WhiteTeam "Sanandrei (W)"]
[BlackTeam "Timisoara Medicina (W)"]
[WhiteTeamCountry "ROU"]
[BlackTeamCountry "ROU"]

1. e4 c5 2. c3 d5 3. exd5 Qxd5 4. d4 g6 5. Na3 cxd4 6. Nb5 Na6 7. Be3 Bg7 8. Nf3 Bg4 9. Qa4 Kf8 10. Nfxd4 Bh6 11. Nc2 Rd8 12. Qxg4 Bxe3 13. Nbd4 Bh6 14. Bxa6 bxa6 15. 0-0 Nf6 16. Qh3 Qh5 17. Qxh5 Nxh5 18. Rad1 Rc8 19. Rfe1 Bf4 20. Nb4 Nf6 1/2-1/2

[Event "ROM-chT (Women)"]
[Site "Mamaia"]
[Date "2015.10.10"]
[Round "8.3"]
[White "Trimbitaru, Cornelia"]
[Black "Rendi, Eva"]
[Result "0-1"]
[WhiteElo "1451"]
[BlackElo "1967"]
[PlyCount "48"]
[EventDate "2015.10.03"]
[EventType "team-tourn"]
[EventRounds "9"]
[EventCountry "ROU"]
[SourceTitle "CBM 168 Extra"]
[Source "ChessBase"]
[SourceDate "2015.10.29"]
[SourceVersion "1"]
[SourceVersionDate "2015.10.29"]
[SourceQuality "1"]
[WhiteTeam "Galati Smart (W)"]
[BlackTeam "Timisoara Sinandrei (W)"]
[WhiteTeamCountry "ROU"]
[BlackTeamCountry "ROU"]

1. d4 Nf6 2. c4 c5 3. d5 b5 4. cxb5 a6 5. b6 g6 6. Nc3 d6 7. e4 Bg7 8. Bc4 Nbd7 9. Nf3 0-0 10. Qe2 Nxb6 11. Bd3 e6 12. dxe6 fxe6 13. 0-0 Nh5 14. Bd2 Nf4 15. Bxf4 Rxf4 16. Rac1 Ra7 17. Nd2 Raf7 18. Bxa6 Bd4 19. Bxc8 Rxf2 20. Rxf2 Rxf2 21. Bxe6+ Kg7 22. Qb5 Qg5 23. g3 Qxd2 24. Rf1 Rxf1+ 0-1

[Event "ROM-chT (Women)"]
[Site "Mamaia"]
[Date "2015.10.08"]
[Round "6.4"]
[White "Gelip, Ioana"]
[Black "Rendi, Eva"]
[Result "1-0"]
[WhiteElo "2124"]
[BlackElo "1967"]
[PlyCount "64"]
[EventDate "2015.10.03"]
[EventType "team-tourn"]
[EventRounds "9"]
[EventCountry "ROU"]
[SourceTitle "CBM 168 Extra"]
[Source "ChessBase"]
[SourceDate "2015.10.29"]
[SourceVersion "1"]
[SourceVersionDate "2015.10.29"]
[SourceQuality "1"]
[WhiteTeam "Iasi Politehnica (W)"]
[BlackTeam "Timisoara Sinandrei (W)"]
[WhiteTeamCountry "ROU"]
[BlackTeamCountry "ROU"]

1. e4 c5 2. Nf3 d6 3. d4 cxd4 4. Nxd4 Nf6 5. Nc3 a6 6. Bc4 e6 7. Bb3 b5 8. Bg5 Be7 9. Qf3 Qb6 10. 0-0-0 Nbd7 11. Rhe1 0-0 12. Kb1 Nc5 13. Qh3 Nxb3 14. cxb3 b4 15. Na4 Qb7 16. f4 Re8 17. e5 dxe5 18. fxe5 Nd5 19. Bxe7 Qxe7 20. Re4 Bd7 21. Rd3 Bxa4 22. Rh4 Qg5 23. Rxh7 Kf8 24. bxa4 Rac8 25. Rd1 Qxe5 26. Qh4 Qf6 27. Rh8+ Ke7 28. Rxe8+ Kxe8 29. Qe4 Qf2 30. g4 Qe3 31. Qg2 Rc4 32. Nc2 b3 1-0

[Event "ROM-chT (Women)"]
[Site "Mamaia"]
[Date "2015.10.04"]
[Round "2.3"]
[White "Rendi, Eva"]
[Black "Jakab, Kincso"]
[Result "1-0"]
[WhiteElo "1967"]
[BlackElo "1768"]
[PlyCount "53"]
[EventDate "2015.10.03"]
[EventType "team-tourn"]
[EventRounds "9"]
[EventCountry "ROU"]
[SourceTitle "CBM 168 Extra"]
[Source "ChessBase"]
[SourceDate "2015.10.29"]
[SourceVersion "1"]
[SourceVersionDate "2015.10.29"]
[SourceQuality "1"]
[WhiteTeam "Timisoara Sinandrei (W)"]
[BlackTeam "Timisoara Medicina (W)"]
[WhiteTeamCountry "ROU"]
[BlackTeamCountry "ROU"]

1. e4 c5 2. Nf3 Nc6 3. c3 d5 4. exd5 Qxd5 5. d4 e5 6. Nxe5 Nxe5 7. dxe5 Qxe5+ 8. Be3 Bd7 9. Na3 Nf6 10. Qd3 0-0-0 11. 0-0-0 Qc7 12. Qc4 Be6 13. Rxd8+ Qxd8 14. Qa4 Qb6 15. Nc4 Bxc4 16. Bxc4 Be7 17. Bxf7 Rf8 18. Qc4 Kb8 19. Rd1 a6 20. Be6 h6 21. f4 Qc6 22. Bd5 Qc7 23. Bf3 Bd6 24. Rxd6 Qxd6 25. Bxc5 Qc7 26. Qd4 Qd8 27. Qd6+ 1-0

[Event "Pozarevac Karaklajic Memorial (Women)"]
[Site "Pozarevac"]
[Date "2014.11.22"]
[Round "5"]
[White "Rendi, Eva"]
[Black "Stojkovska, Monika"]
[Result "1/2-1/2"]
[WhiteElo "2089"]
[BlackElo "2057"]
[PlyCount "88"]
[EventDate "2014.11.19"]
[EventType "tourn"]
[EventRounds "9"]
[EventCountry "SRB"]
[SourceTitle "CBM 163 Extra"]
[Source "ChessBase"]
[SourceDate "2014.12.23"]
[SourceVersion "1"]
[SourceVersionDate "2014.12.23"]
[SourceQuality "1"]

1. e4 c5 2. Nf3 d6 3. d4 cxd4 4. Nxd4 Nf6 5. Nc3 Nc6 6. Be2 e5 7. Nf3 h6 8. h3 Be7 9. Be3 Be6 10. 0-0 0-0 11. Nh2 d5 12. exd5 Nxd5 13. Nxd5 Qxd5 14. c3 f5 15. f4 Bc5 16. Qc1 exf4 17. Rxf4 Qe5 18. Bxc5 Qxc5+ 19. Kh1 Rad8 20. Rf1 Bd5 21. Bf3 Bc4 22. Rd1 Ne5 23. Qc2 Nd3 24. Rd2 Rd7 25. b3 Ba6 26. c4 Rfd8 27. Bd5+ Rxd5 28. cxd5 Qxd5 29. Nf3 b6 30. Ne1 Qe4 31. Nxd3 Rxd3 32. Rxd3 Bxd3 33. Qf2 Qc6 34. Rd1 Be4 35. Rd8+ Kh7 36. Qd2 Qg6 37. Rd7 Qg3 38. Qe2 Qxh3+ 39. Kg1 Qg3 40. Rxa7 Qg5 41. Ra4 Qc1+ 42. Kh2 Qf4+ 43. Kg1 Qc1+ 44. Kh2 Qf4+ 1/2-1/2

[Event "Pozarevac Karaklajic Memorial (Women)"]
[Site "Pozarevac"]
[Date "2014.11.21"]
[Round "3"]
[White "Rendi, Eva"]
[Black "Petrovic, Tijana"]
[Result "1-0"]
[WhiteElo "2089"]
[BlackElo "1803"]
[PlyCount "93"]
[EventDate "2014.11.19"]
[EventType "tourn"]
[EventRounds "9"]
[EventCountry "SRB"]
[SourceTitle "CBM 163 Extra"]
[Source "ChessBase"]
[SourceDate "2014.12.23"]
[SourceVersion "1"]
[SourceVersionDate "2014.12.23"]
[SourceQuality "1"]

1. e4 c5 2. Nf3 d6 3. d4 cxd4 4. Nxd4 Nf6 5. Nc3 a6 6. Bg5 e6 7. f4 Nbd7 8. Qf3 Be7 9. 0-0-0 Qc7 10. g4 b5 11. Bxf6 Nxf6 12. g5 Nd7 13. h4 Bb7 14. f5 Ne5 15. Qf4 Bc8 16. Bh3 b4 17. Nce2 Qa5 18. Kb1 Rf8 19. fxe6 fxe6 20. Qe3 Qc5 21. Qb3 a5 22. Bxe6 a4 23. Qd5 Qxd5 24. exd5 Ba6 25. Ng3 g6 26. Bh3 Bc4 27. Ne6 Rf3 28. Nc7+ Kd8 29. Nxa8 Rxg3 30. Nb6 Bb5 31. Bf1 Bxf1 32. Rdxf1 Nf3 33. Rf2 a3 34. bxa3 bxa3 35. Nc4 Nd4 36. Rd2 Nb5 37. Rd3 Nc3+ 38. Ka1 Rxd3 39. cxd3 Nxd5 40. Nxa3 Nf4 41. d4 d5 42. Nb5 Kd7 43. Rc1 Bd8 44. Rf1 Kc6 45. Na7+ Kb7 46. Rxf4 Kxa7 47. Rf7+ 1-0

[Event "Pozarevac Karaklajic Memorial (Women)"]
[Site "Pozarevac"]
[Date "2014.11.20"]
[Round "2"]
[White "Zarkovic, Mila"]
[Black "Rendi, Eva"]
[Result "1-0"]
[WhiteElo "2075"]
[BlackElo "2089"]
[PlyCount "87"]
[EventDate "2014.11.19"]
[EventType "tourn"]
[EventRounds "9"]
[EventCountry "SRB"]
[SourceTitle "CBM 163 Extra"]
[Source "ChessBase"]
[SourceDate "2014.12.23"]
[SourceVersion "1"]
[SourceVersionDate "2014.12.23"]
[SourceQuality "1"]

1. e4 c5 2. Nf3 d6 3. d4 cxd4 4. Qxd4 Bd7 5. c4 Nc6 6. Qe3 Nf6 7. h3 g6 8. Be2 Bg7 9. 0-0 0-0 10. Nc3 Rc8 11. Rb1 h6 12. b4 b6 13. a3 Nh5 14. g4 Nf6 15. Re1 e6 16. Rd1 Qe7 17. Nb5 Ne8 18. Qd3 Ne5 19. Nxe5 Bxb5 20. cxb5 Bxe5 21. Bb2 Qf6 22. Rbc1 Ng7 23. Bxe5 Qxe5 24. Rc6 Rcd8 25. Qe3 g5 26. a4 Rd7 27. a5 Rb8 28. axb6 axb6 29. Rxb6 Rbd8 30. Rc6 Qb2 31. Qd2 Qb3 32. Qc3 Qxc3 33. Rxc3 Rb8 34. e5 Ne8 35. Rc6 d5 36. Rdc1 d4 37. Rc8 Rd8 38. Rxd8 Rxd8 39. b6 Rb8 40. Rc6 Kf8 41. Ba6 Ke7 42. b7 d3 43. Kf1 f6 44. Rc8 1-0

[Event "ROM-chT (Women)"]
[Site "Calimanesti"]
[Date "2014.11.13"]
[Round "6.1"]
[White "Morea, Georgiana Steluta"]
[Black "Rendi, Eva"]
[Result "1-0"]
[WhiteElo "1871"]
[BlackElo "2089"]
[PlyCount "139"]
[EventDate "2014.11.08"]
[EventType "team-tourn"]
[EventRounds "7"]
[EventCountry "ROU"]
[SourceTitle "EXT 2015"]
[Source "ChessBase"]
[SourceDate "2014.11.20"]
[SourceVersion "1"]
[SourceVersionDate "2014.11.20"]
[SourceQuality "1"]
[WhiteTeam "Bucharest CSM (W)"]
[BlackTeam "Timisoara Sinandrei (W)"]
[WhiteTeamCountry "ROU"]
[BlackTeamCountry "ROU"]

1. d4 Nf6 2. Nf3 e6 3. Bg5 d5 4. c3 h6 5. Bh4 Nbd7 6. e3 c5 7. Nbd2 Be7 8. Bd3 0-0 9. 0-0 b6 10. Rc1 Bb7 11. Re1 Ne4 12. Bxe7 Qxe7 13. Bb5 Ndf6 14. Ne5 Nd6 15. Bd3 Rac8 16. Bb1 cxd4 17. exd4 Nc4 18. Ndxc4 dxc4 19. Qc2 Rfe8 20. Re3 g6 21. Qd2 Kg7 22. Rce1 Rh8 23. Nxg6 Qd6 24. Ne5 Rcg8 25. Rg3+ Kf8 26. Qf4 Ke7 27. Bc2 Rg5 28. Qe3 Bd5 29. b3 b5 30. bxc4 bxc4 31. Rb1 Rhg8 32. Rxg5 Rxg5 33. f3 Qd8 34. Ba4 Qg8 35. Rb2 Qc8 36. Bc2 Qg8 37. Be4 Qd8 38. Bxd5 Qxd5 39. a4 a6 40. Rb4 Nd7 41. Nxd7 Qxd7 42. Rxc4 Ra5 43. Qf4 e5 44. dxe5 Qd1+ 45. Kf2 Qc2+ 46. Kg3 Qg6+ 47. Qg4 Rxe5 48. Qxg6 fxg6 49. Kf4 Ra5 50. h4 Kf6 51. g4 g5+ 52. hxg5+ hxg5+ 53. Ke4 Re5+ 54. Kd4 Ra5 55. Rc6+ Kf7 56. Rc4 Kf6 57. Rb4 Ke6 58. c4 Kd6 59. Rb6+ Ke7 60. Rb7+ Ke6 61. Rb6+ Ke7 62. Rb4 Kd6 63. c5+ Rxc5 64. Rb6+ Rc6 65. Rxc6+ Kxc6 66. Ke5 Kc5 67. Kf5 Kb4 68. Kxg5 Kxa4 69. f4 a5 70. f5 1-0

[Event "ROM-ch (Women)"]
[Site "Targu Mures"]
[Date "2014.05.01"]
[Round "6"]
[White "Ionescu, Irina"]
[Black "Rendi, Eva"]
[Result "1-0"]
[WhiteElo "2250"]
[BlackElo "2116"]
[PlyCount "39"]
[EventDate "2014.04.26"]
[EventType "swiss"]
[EventRounds "9"]
[EventCountry "ROU"]
[SourceTitle "CBM 160 Extra"]
[Source "ChessBase"]
[SourceDate "2014.07.01"]
[SourceVersion "1"]
[SourceVersionDate "2014.07.01"]
[SourceQuality "1"]

1. e4 c5 2. Nf3 e6 3. b3 Nc6 4. Bb2 d6 5. d4 cxd4 6. Nxd4 Nf6 7. Nxc6 bxc6 8. e5 Ne4 9. exd6 Qa5+ 10. c3 Bxd6 11. f3 Qh5 12. fxe4 Qh4+ 13. Kd2 Qxe4 14. Qf3 Bf4+ 15. Kd1 Qf5 16. Bd3 Qg5 17. Qxc6+ Ke7 18. Ba3+ Kf6 19. Qxa8 Rd8 20. Qf3 1-0

[Event "ROM-ch (Women)"]
[Site "Targu Mures"]
[Date "2014.04.29"]
[Round "4"]
[White "Mathe, Katalin"]
[Black "Rendi, Eva"]
[Result "0-1"]
[WhiteElo "1979"]
[BlackElo "2116"]
[PlyCount "94"]
[EventDate "2014.04.26"]
[EventType "swiss"]
[EventRounds "9"]
[EventCountry "ROU"]
[SourceTitle "CBM 160 Extra"]
[Source "ChessBase"]
[SourceDate "2014.07.01"]
[SourceVersion "1"]
[SourceVersionDate "2014.07.01"]
[SourceQuality "1"]

1. Nf3 d5 2. d4 g6 3. g3 Bg7 4. Bg2 Nf6 5. c4 dxc4 6. Qa4+ c6 7. Qxc4 0-0 8. 0-0 Na6 9. Nc3 Be6 10. Qa4 Qc8 11. Rd1 Rd8 12. Bf4 Nh5 13. Be3 h6 14. a3 Nc7 15. Rac1 g5 16. Ne5 Nf6 17. f3 Nd7 18. Nxd7 Qxd7 19. Bf2 f5 20. e4 Bf7 21. Qb4 e6 22. Na4 Na6 23. Qa5 Rac8 24. Bf1 Qc7 25. Qxc7 Nxc7 26. b4 e5 27. dxe5 Rxd1 28. Rxd1 Bb3 29. Rd7 Bxa4 30. Bc4+ Kh8 31. e6 c5 32. b5 Bxb5 33. Bxb5 Nxb5 34. e7 Bf6 35. e5 Bxe7 36. Rxe7 b6 37. a4 Nc7 38. Kf1 Kg8 39. Ke2 a6 40. a5 bxa5 41. Rd7 c4 42. Bb6 Ne6 43. Bxa5 c3 44. Kd1 Rc5 45. Bb4 c2+ 46. Kc1 Rc4 47. Ba3 Nd4 0-1

[Event "ROM-ch (Women)"]
[Site "Targu Mures"]
[Date "2014.04.27"]
[Round "2"]
[White "Cosma, Elena Luminita"]
[Black "Rendi, Eva"]
[Result "1-0"]
[WhiteElo "2335"]
[BlackElo "2116"]
[PlyCount "115"]
[EventDate "2014.04.26"]
[EventType "swiss"]
[EventRounds "9"]
[EventCountry "ROU"]
[SourceTitle "CBM 160 Extra"]
[Source "ChessBase"]
[SourceDate "2014.07.01"]
[SourceVersion "1"]
[SourceVersionDate "2014.07.01"]
[SourceQuality "1"]

1. d4 Nf6 2. Nf3 b6 3. g3 Bb7 4. Bg2 e6 5. 0-0 Be7 6. c4 0-0 7. Re1 d5 8. cxd5 exd5 9. Nc3 Na6 10. Bf4 c5 11. Rc1 Nc7 12. dxc5 Bxc5 13. e3 Ne6 14. Be5 Ne4 15. a3 Rc8 16. b4 Be7 17. Nb5 Qd7 18. Nbd4 Rxc1 19. Qxc1 Rc8 20. Qb2 Nxd4 21. Bxd4 Bf6 22. Rc1 h6 23. Bxf6 Nxf6 24. Nd4 Ne4 25. Rc2 Nd6 26. Qc1 Rxc2 27. Qxc2 Nc4 28. a4 Qe7 29. Qc3 Qd7 30. b5 Qg4 31. Bf3 Qd7 32. Be2 Nd6 33. Bd3 Ne4 34. Qc2 Qd6 35. Kg2 Nc5 36. Bh7+ Kh8 37. Bf5 Qf6 38. h4 g6 39. Bg4 h5 40. Bf3 Qd6 41. Kg1 a5 42. Be2 Bc8 43. Qc3 Qe5 44. Qc2 Bd7 45. Bd1 Kg8 46. Bf3 Bh3 47. Kh2 Bf1 48. Nc6 Qe6 49. Bxd5 Qh3+ 50. Kg1 Bd3 51. Qd1 Kf8 52. Nd4 Qd7 53. Bg2 Be4 54. Bxe4 Nxe4 55. Qf3 Nc5 56. Qf6 Nxa4 57. Nc6 Qd1+ 58. Kh2 1-0

[Event "ROM-chT (Women)"]
[Site "Mamaia"]
[Date "2013.09.07"]
[Round "8.3"]
[White "Rendi, Eva"]
[Black "Berintan, Teodora"]
[Result "1-0"]
[WhiteElo "2101"]
[BlackElo "1849"]
[PlyCount "71"]
[EventDate "2013.08.31"]
[EventType "team-tourn"]
[EventRounds "9"]
[EventCountry "ROU"]
[SourceTitle "CBM 156 Extra"]
[Source "ChessBase"]
[SourceDate "2013.10.22"]
[SourceVersion "1"]
[SourceVersionDate "2013.10.22"]
[SourceQuality "1"]
[WhiteTeam "Sinandrei (W)"]
[BlackTeam "Arad (W)"]
[WhiteTeamCountry "ROU"]
[BlackTeamCountry "ROU"]

1. e4 b6 2. d4 Bb7 3. Nc3 e6 4. Bd3 Nf6 5. Nf3 Bb4 6. Qe2 Bxc3+ 7. bxc3 c5 8. 0-0 d6 9. e5 Nd5 10. c4 Nb4 11. Be4 d5 12. cxd5 Nxd5 13. Bg5 Qc7 14. Bxd5 Bxd5 15. c4 Bb7 16. d5 exd5 17. cxd5 Bxd5 18. Rfd1 Bxf3 19. Qxf3 Nc6 20. e6 0-0 21. Rd7 Qe5 22. exf7+ Kh8 23. Rad1 Nd4 24. Qg4 h6 25. Be3 Nc2 26. Bc1 Nb4 27. Qg6 Nxa2 28. Bxh6 Nc3 29. Bg5 Ne2+ 30. Kh1 Nf4 31. Bxf4 Qxf4 32. R7d3 Rxf7 33. Rh3+ Kg8 34. Qh7+ Kf8 35. Qh8+ Ke7 36. Qxa8 1-0

[Event "ROM-chT (Women)"]
[Site "Mamaia"]
[Date "2013.09.06"]
[Round "7.3"]
[White "Ilie, Maria Ruxandra"]
[Black "Rendi, Eva"]
[Result "0-1"]
[WhiteElo "2011"]
[BlackElo "2101"]
[PlyCount "116"]
[EventDate "2013.08.31"]
[EventType "team-tourn"]
[EventRounds "9"]
[EventCountry "ROU"]
[SourceTitle "CBM 156 Extra"]
[Source "ChessBase"]
[SourceDate "2013.10.22"]
[SourceVersion "1"]
[SourceVersionDate "2013.10.22"]
[SourceQuality "1"]
[WhiteTeam "Bucharest Nova (W)"]
[BlackTeam "Sinandrei (W)"]
[WhiteTeamCountry "ROU"]
[BlackTeamCountry "ROU"]

1. d4 Nf6 2. Nf3 e6 3. c4 c5 4. d5 b5 5. Bg5 exd5 6. cxd5 h6 7. Bxf6 Qxf6 8. Nc3 b4 9. Na4 d6 10. e4 g5 11. a3 bxa3 12. Rxa3 Nd7 13. Bb5 Rb8 14. Qb3 Rb7 15. Nc3 Bg7 16. Qc2 0-0 17. Bc6 Rb4 18. Rxa7 g4 19. Nd2 Ne5 20. Bb5 c4 21. 0-0 Qh4 22. Kh1 Nf3 23. Nxf3 gxf3 24. g3 Qh3 25. Rg1 Bxc3 26. Qxc3 Rxb5 27. Qxf3 Bg4 28. Qf6 Qh5 29. Ra3 Rfb8 30. Rb1 Be2 31. Qxd6 Bd3 32. Re1 Qf3+ 33. Kg1 Rxb2 34. Qc5 Re2 35. Rea1 Qxe4 36. d6 Re1+ 37. Rxe1 Qxe1+ 38. Kg2 Bf1+ 39. Kf3 Qe2+ 40. Kf4 Re8 41. Qd4 Bh3 42. f3 Qe6 43. g4 Rd8 44. Ra6 Bf1 45. Rb6 Bd3 46. h4 Qe2 47. Rb2 Bc2 48. Kg3 Qe1+ 49. Kf4 Bb3 50. Qf6 Qc1+ 51. Ke4 Re8+ 52. Kd5 c3+ 53. Rxb3 Qd1+ 54. Kc5 Rc8+ 55. Kb4 Rb8+ 56. Kc5 Qxb3 57. d7 Qb5+ 58. Kd6 Qb6+ 0-1

[Event "ROM-chT (Women)"]
[Site "Mamaia"]
[Date "2013.09.05"]
[Round "6.3"]
[White "Rendi, Eva"]
[Black "L'Ami, Alina"]
[Result "0-1"]
[WhiteElo "2101"]
[BlackElo "2358"]
[PlyCount "60"]
[EventDate "2013.08.31"]
[EventType "team-tourn"]
[EventRounds "9"]
[EventCountry "ROU"]
[SourceTitle "CBM 156 Extra"]
[Source "ChessBase"]
[SourceDate "2013.10.22"]
[SourceVersion "1"]
[SourceVersionDate "2013.10.22"]
[SourceQuality "1"]
[WhiteTeam "Sinandrei (W)"]
[BlackTeam "Iasi (W)"]
[WhiteTeamCountry "ROU"]
[BlackTeamCountry "ROU"]

1. e4 e6 2. d4 d5 3. exd5 exd5 4. Bd3 Nc6 5. c3 Bd6 6. Nf3 Bg4 7. h3 Bh5 8. 0-0 Nge7 9. Re1 Qd7 10. Nbd2 f6 11. Qc2 0-0-0 12. b4 Rde8 13. b5 Nd8 14. a4 g5 15. a5 g4 16. b6 a6 17. Rxe7 Qxe7 18. Bf5+ Kb8 19. hxg4 Bg6 20. c4 Bxf5 21. gxf5 dxc4 22. Qxc4 cxb6 23. axb6 h5 24. Ba3 Nc6 25. Bxd6+ Qxd6 26. Nb3 Qb4 27. Qc1 Qxb3 28. Qf4+ Ka8 29. Qd6 Qxb6 30. d5 Re2 0-1